Top 500 Girl Names of 2020 (USA) - Statistics

General Stats
  • This quiz has been taken 71 times
  • The average score is 220 of 500
Answer Stats
Hint Answer % Correct
A Alivia
95%
A Ana
95%
L Leah
95%
O Olivia
95%
E Emma
90%
A Anna
87%
E Emily
87%
A Ariah
85%
A Ariyah
85%
A Arya
85%
E Eliza
82%
S Sofia
82%
S Sophia
82%
E Ella
79%
E Elle
79%
I Isabel
79%
I Isabelle
79%
K Katie
79%
K Kate
77%
A Abigail
74%
E Elizabeth
74%
E Ellie
74%
I Isabella
74%
L Lillian
74%
A Ari
72%
A Aria
72%
A Ava
72%
C Charlotte
72%
J Jane
72%
J Julia
72%
L Lilly
72%
L Lily
72%
M Maria
72%
S Sophie
72%
A Ariana
69%
C Caroline
69%
E Eve
69%
G Grace
69%
I Izabella
69%
K Katherine
69%
M Maddison
69%
M Madison
69%
S Sara
69%
S Sarah
69%
A Alexa
67%
A Alison
67%
A Allie
67%
A Allison
67%
A Amelia
67%
A Arianna
67%
E Emelia
67%
E Emilia
67%
E Eva
67%
E Evelyn
67%
L Lucy
67%
M Mary
67%
M Mia
67%
M Molly
67%
V Victoria
67%
A Angel
64%
A Ashley
64%
C Catherine
64%
C Chloe
64%
E Evelynn
64%
H Hannah
64%
K Khloe
64%
L Lauren
64%
L Lia
64%
O Olive
64%
R Rachel
64%
R Rose
64%
S Samantha
64%
A Adaline
62%
A Adalyn
62%
A Adalynn
62%
A Addilyn
62%
A Adelyn
62%
A Adelynn
62%
A Alicia
62%
A Annie
62%
A Averie
62%
A Avery
62%
C Cora
62%
E Elena
62%
H Hailey
62%
I Ivy
62%
J Jasmine
62%
J Jennifer
62%
J Jessica
62%
K Kimberly
62%
M Maia
62%
M Margaret
62%
M Mya
62%
N Nicole
62%
A Alexis
59%
A Amanda
59%
A Amy
59%
A Angela
59%
B Bella
59%
C Camila
59%
C Camilla
59%
D Danielle
59%
E Eleanor
59%
H Harper
59%
I Isla
59%
J Jade
59%
K Kamila
59%
K Kayla
59%
K Kylie
59%
L Laura
59%
R Rebecca
59%
R Riley
59%
R Rylee
59%
R Ryleigh
59%
R Rylie
59%
S Stephanie
59%
A Alessandra
56%
A Alice
56%
A Audrey
56%
E Everlee
56%
E Everleigh
56%
H Helen
56%
I Iris
56%
J Jordan
56%
J Jordyn
56%
L Laila
56%
L Layla
56%
L Leila
56%
M Melissa
56%
M Myla
56%
N Natalie
56%
N Nora
56%
N Norah
56%
R Ruby
56%
R Ruth
56%
V Veronica
56%
Z Zoe
56%
Z Zoey
56%
A Alexandra
54%
A Andrea
54%
A Aubree
54%
A Aubrey
54%
B Brooklyn
54%
B Brooklynn
54%
G Georgia
54%
G Gia
54%
H Hallie
54%
L Lilah
54%
L Luna
54%
L Lyla
54%
P Penelope
54%
S Savannah
54%
V Violet
54%
A Aaliyah
51%
A Alexandria
51%
A Angelina
51%
A Aurora
51%
C Charlee
51%
C Charleigh
51%
C Charli
51%
C Charlie
51%
C Claire
51%
C Clara
51%
D Daisy
51%
E Elsie
51%
E Esther
51%
G Gabriela
51%
G Gabriella
51%
H Hazel
51%
H Holly
51%
J Josie
51%
J Juliet
51%
J Juliette
51%
J June
51%
L Lena
51%
L Liliana
51%
L Lilliana
51%
M Maya
51%
M Melanie
51%
M Michelle
51%
O Ophelia
51%
R Rosie
51%
S Sydney
51%
V Valentina
51%
V Vivian
51%
V Vivienne
51%
W Willow
51%
A Addison
49%
A Aliyah
49%
A Annabelle
49%
B Brianna
49%
C Callie
49%
D Daniela
49%
D Daniella
49%
E Eden
49%
E Eliana
49%
E Elianna
49%
E Elise
49%
E Elliana
49%
E Eloise
49%
E Everly
49%
G Gianna
49%
J Josephine
49%
J Juliana
49%
J Julianna
49%
K Kaitlyn
49%
K Kaylee
49%
L Lydia
49%
M Mackenzie
49%
M Madeleine
49%
M Madeline
49%
M Madelyn
49%
M Madelynn
49%
M Madilyn
49%
M Makenzie
49%
M Mckenzie
49%
M Melody
49%
M Mila
49%
M Millie
49%
M Mira
49%
M Morgan
49%
P Paige
49%
S Sadie
49%
S Stella
49%
T Taylor
49%
A Ada
46%
A Adelaide
46%
A Adeline
46%
A Alana
46%
A Alina
46%
A Alyssa
46%
A Arabella
46%
A Ariel
46%
A Arielle
46%
B Brooke
46%
C Cali
46%
C Carolina
46%
D Diana
46%
F Faith
46%
F Fiona
46%
J Joy
46%
K Kali
46%
K Kira
46%
L Lila
46%
L Lola
46%
L Lucia
46%
N Natalia
46%
N Nina
46%
P Paislee
46%
P Paisley
46%
P Parker
46%
P Payton
46%
P Peyton
46%
P Phoebe
46%
R Raegan
46%
R Reagan
46%
S Serena
46%
V Vanessa
46%
A Adriana
44%
A Ariella
44%
B Brielle
44%
C Cameron
44%
E Edith
44%
E Emerson
44%
E Emersyn
44%
E Evangeline
44%
G Gabrielle
44%
G Genesis
44%
G Gracie
44%
H Harley
44%
H Hope
44%
J Joanna
44%
K Kayleigh
44%
K Kyla
44%
L Lucille
44%
N Naomi
44%
N Nevaeh
44%
R Regina
44%
S Scarlet
44%
S Scarlett
44%
S Serenity
44%
A Amara
41%
A Amaya
41%
A Amira
41%
A Amiyah
41%
A Autumn
41%
C Camille
41%
E Esme
41%
E Evie
41%
F Frances
41%
F Freya
41%
G Gemma
41%
H Hadley
41%
K Kendall
41%
L London
41%
L Londyn
41%
M Maeve
41%
M Makayla
41%
Q Quinn
41%
R Rosalie
41%
S Sage
41%
V Valerie
41%
V Vera
41%
A Amina
38%
A Athena
38%
B Blake
38%
B Briella
38%
C Cassidy
38%
C Cecilia
38%
E Emery
38%
L Lana
38%
N Nova
38%
P Paris
38%
P Piper
38%
S Sabrina
38%
S Summer
38%
V Valeria
38%
A Ayla
36%
B Bailey
36%
D Destiny
36%
E Emory
36%
F Felicity
36%
H Heidi
36%
J Jocelyn
36%
J Juniper
36%
K Keira
36%
K Kennedy
36%
K Kiara
36%
L Logan
36%
M Mabel
36%
M Maggie
36%
M Mariana
36%
M Marlee
36%
M Marley
36%
R Reese
36%
R River
36%
S Selena
36%
T Trinity
36%
V Viviana
36%
A Aspen
33%
B Brynn
33%
C Carmen
33%
D Daphne
33%
D Delaney
33%
D Delilah
33%
E Ember
33%
G Genevieve
33%
H Hattie
33%
J Jacqueline
33%
J Jayla
33%
K Kinsley
33%
L Leilani
33%
L Lexi
33%
M Maisie
33%
M Mckenna
33%
M Miriam
33%
N Nia
33%
N Noelle
33%
R Rosemary
33%
R Ryan
33%
S Samara
33%
S Sienna
33%
S Skylar
33%
T Tessa
33%
Z Zara
33%
A Alayna
31%
A Anastasia
31%
B Blakely
31%
B Brinley
31%
D Danna
31%
G Gwendolyn
31%
H Harmony
31%
H Heaven
31%
K Kenzie
31%
L Liana
31%
M Mariah
31%
R Raelynn
31%
R Remi
31%
R Remy
31%
X Ximena
31%
A Alaia
28%
A Alaya
28%
A Alayah
28%
B Blair
28%
E Esmeralda
28%
F Finley
28%
G Gracelyn
28%
G Gracelynn
28%
H Harlow
28%
K Kaia
28%
L Luciana
28%
M Malia
28%
M Margot
28%
P Presley
28%
R Rory
28%
R Rowan
28%
T Teagan
28%
W Willa
28%
A Amari
26%
A Anaya
26%
A Avianna
26%
B Bianca
26%
B Brynlee
26%
D Dakota
26%
F Francesca
26%
G Giselle
26%
H Hayden
26%
J Jolene
26%
K Kalani
26%
K Kaylani
26%
L Lilith
26%
M Matilda
26%
N Nadia
26%
O Oakley
26%
R Raven
26%
S Sawyer
26%
S Sloane
26%
T Thea
26%
A Ainsley
23%
A Aniyah
23%
C Catalina
23%
C Celeste
23%
D Dahlia
23%
F Fatima
23%
H Haven
23%
J Journee
23%
J Journey
23%
K Kailani
23%
K Kehlani
23%
K Kinley
23%
L Lennon
23%
M Magnolia
23%
O Oaklynn
23%
O Octavia
23%
P Phoenix
23%
P Poppy
23%
W Wren
23%
A Alaina
21%
A Annalise
21%
A Astrid
21%
A Azalea
21%
B Bristol
21%
D Demi
21%
L Lyric
21%
M Maci
21%
R Raelyn
21%
R Remington
21%
T Tatum
21%
B Braelynn
18%
C Cataleya
18%
C Celine
18%
E Elaina
18%
L Leighton
18%
M Maren
18%
M Miracle
18%
N Noa
18%
N Nyla
18%
P Palmer
18%
S Shiloh
18%
S Skye
18%
D Dylan
15%
E Elliot
15%
K Kamryn
15%
L Leia
15%
M Makenna
15%
R Reign
15%
R Royalty
15%
S Saylor
15%
W Winter
15%
W Wynter
15%
Z Zuri
15%
A Alani
13%
A Armani
13%
A Aylin
13%
D Daleyza
13%
D Dior
13%
L Leona
13%
M Milani
13%
S Selah
13%
S Skyler
13%
S Stevie
13%
T Talia
13%
Z Zariah
13%
A Aitana
10%
C Camryn
10%
C Collins
10%
D Dream
10%
H Haisley
10%
K Kensley
10%
L Lainey
10%
L Legacy
10%
M Malani
10%
M Meadow
10%
N Nayeli
10%
S Sarai
10%
S Sutton
10%
A Amora
5%
K Kora
0%
M Maliyah
0%
N Nylah
0%
No matching quizzes found
Score Distribution
Percent of People with Each Score
Percentile by Number Answered
Your Score History
You have not taken this quiz